[Event "World Blitz 2016"]
[Site "Doha QAT"]
[Date "2016.12.29"]
[Round "10.3"]
[White "Bosiocic, Marin"]
[Black "Yu, Yangyi"]
[Result "1/2-1/2"]
[WhiteTitle "GM"]
[BlackTitle "GM"]
[WhiteElo "2591"]
[BlackElo "2729"]
[WhiteFideId "14507927"]
[BlackFideId "8603820"]
[EventDate "2016.12.29"]

1. e4 c5 2. Nf3 Nc6 3. Bb5 e6 4. Bxc6 bxc6 5. d3 Ne7 6. h4 d6 7. h5 e5 8. c3 Bg4
9. Nbd2 f5 10. Nf1 f4 11. g3 fxg3 12. fxg3 Ng8 13. Ne3 Be6 14. g4 Nf6 15. Ng5
Bg8 16. Qf3 h6 17. Nh3 Qd7 18. a3 O-O-O 19. b4 d5 20. Nf2 Be6 21. Nf5 c4 22.
dxc4 dxe4 23. Qe2 Nxg4 24. Nxg4 Bxf5 25. Ne3 Be6 26. Bb2 Be7 27. c5 Qd3 28. Rd1
Qxe2+ 29. Kxe2 Bg5 30. c4 Bf4 31. Rd6 Bd7 32. Rg1 Be8 33. Rh1 Bd7 34. Rg1 Be8
35. Rh1 Bd7 36. a4 Rhf8 37. b5 Be8 38. Re6 Bd7 39. Re7 Bxe3 40. Kxe3 Rf3+ 41.
Kxe4 Rf4+ 42. Ke3 Rxc4 43. Bxe5 cxb5 44. axb5 Rxc5 45. Bxg7 Re8 46. Rxe8+ Bxe8
47. Bd4 Rxb5 48. Bxa7 Bxh5 49. Bd4 Kd7 50. Bg7 Rb3+ 51. Kd2 Rb5 52. Bxh6 Rf5 53.
Be3 Ke6 54. Rh4 Rb5 55. Kc3 Bg6 56. Rb4 Rd5 57. Rd4 Re5 58. Bf4 Re2 59. Bd2 Be4
60. Rd8 Kf5 61. Rf8+ Kg4 62. Rf4+ Kg3 63. Rf6 Bf3 64. Rg6+ Bg4 65. Rf6 Re8 66.
Bf4+ Kg2 67. Bd6 Re6 68. Rxe6 Bxe6 1/2-1/2

[Event "World Blitz 2016"]
[Site "Doha QAT"]
[Date "2016.12.29"]
[Round "10.5"]
[White "Jobava, Baadur"]
[Black "Artemiev, Vladislav"]
[Result "1-0"]
[WhiteTitle "GM"]
[BlackTitle "GM"]
[WhiteElo "2702"]
[BlackElo "2653"]
[WhiteFideId "13601520"]
[BlackFideId "24101605"]
[EventDate "2016.12.29"]

1. d4 d5 2. c4 c6 3. Nc3 Nf6 4. Nf3 e6 5. Bg5 Nbd7 6. cxd5 exd5 7. e3 h6 8. Bh4
g5 9. Bg3 Nh5 10. Bd3 Nxg3 11. hxg3 Bg7 12. Qc2 Qe7 13. O-O-O Nb6 14. Kb1 Be6
15. Bf5 O-O-O 16. Bxe6+ Qxe6 17. Ne1 Nc4 18. Nd3 Kb8 19. a3 Bf8 20. Ka2 Be7 21.
Nb1 Rc8 22. Nd2 c5 23. Nb3 Nxa3 24. bxa3 c4 25. Rb1 cxd3 26. Qxd3 Rc4 27. Na5
Ra4 28. Nxb7 Ka8 29. Rb3 Rb8 30. Rhb1 Qc6 31. Na5 Rxb3 32. Qxb3 Qe8 1-0

[Event "World Blitz 2016"]
[Site "Doha QAT"]
[Date "2016.12.29"]
[Round "10.7"]
[White "Bu, Xiangzhi"]
[Black "Nepomniachtchi, Ian"]
[Result "0-1"]
[WhiteTitle "GM"]
[BlackTitle "GM"]
[WhiteElo "2705"]
[BlackElo "2767"]
[WhiteFideId "8601445"]
[BlackFideId "4168119"]
[EventDate "2016.12.29"]

1. Nf3 f5 2. d4 Nf6 3. c4 g6 4. g3 Bg7 5. Bg2 O-O 6. O-O d6 7. Nc3 c6 8. Rb1 Qe8
9. d5 Na6 10. b4 Nc7 11. Bb2 h6 12. dxc6 bxc6 13. c5 d5 14. Ne5 Ne4 15. Nxe4
fxe4 16. f3 Rf5 17. f4 a5 18. a3 g5 19. e3 Ba6 20. Rf2 gxf4 21. gxf4 Kh7 22. Bh3
Bc8 23. Bxf5+ Bxf5 24. Kh1 axb4 25. axb4 Ne6 26. Rg2 Bf6 27. Ng4 Bxb2 28. Rbxb2
d4 29. exd4 Rd8 30. Ne3 Rxd4 31. Rbd2 Rxd2 32. Rxd2 Qf7 33. Qf1 Ng7 34. b5 cxb5
35. Qxb5 Bg6 36. Rf2 Bh5 37. Qb1 Qe6 38. Qc2 Qc6 39. h3 Kh8 40. Qc3 Bf3+ 41. Kh2
Kh7 42. Qe5 Qg6 43. Rf1 Qa6 44. Qb2 Qd3 45. Re1 Ne6 46. c6 Qd6 47. Ng2 Nxf4 48.
Nxf4 Qxf4+ 49. Kg1 Qg3+ 50. Kf1 Qxh3+ 51. Kg1 Qh1+ 0-1

[Event "World Blitz 2016"]
[Site "Doha QAT"]
[Date "2016.12.29"]
[Round "10.9"]
[White "Grischuk, Alexander"]
[Black "Bortnyk, Olexandr"]
[Result "0-1"]
[WhiteTitle "GM"]
[BlackTitle "GM"]
[WhiteElo "2737"]
[BlackElo "2581"]
[WhiteFideId "4126025"]
[BlackFideId "14120828"]
[EventDate "2016.12.29"]

1. d4 d6 2. e4 Nf6 3. Nc3 Nbd7 4. g3 e5 5. Nge2 Be7 6. Bg2 O-O 7. O-O Re8 8. h3
Bf8 9. g4 exd4 10. Qxd4 Nc5 11. Ng3 Nfd7 12. f4 c6 13. Qf2 Nxe4 14. Ncxe4 d5 15.
Be3 dxe4 16. Nxe4 Qc7 17. Rad1 Nb6 18. f5 Nd5 19. Bd4 Bd7 20. c4 Nb6 21. b3 Rad8
22. Qh4 Bc8 23. Bb2 Rxd1 24. Rxd1 Nd7 25. Kh1 Ne5 26. c5 f6 27. Nd6 Bxd6 28.
cxd6 Qf7 29. Qg3 h6 30. Re1 Nd7 31. h4 Rxe1+ 32. Qxe1 Kf8 33. Qe6 Nb6 34. Qe3
Qe8 35. Qd2 Bd7 36. Kh2 Nd5 37. b4 Qe3 38. Qxe3 Nxe3 39. Bf3 Nc4 40. Bd4 b6 41.
g5 hxg5 42. hxg5 fxg5 43. f6 g6 44. Bc3 Nxd6 45. Be5 Nc4 46. Bb8 a6 47. Be2 b5
48. Bxc4 bxc4 49. Be5 Kf7 50. Kg3 Bf5 51. Bc3 Ke6 52. Kf3 Kd7 53. Ke3 Be6 54.
Ke4 Kd6 55. Be5+ Kd7 56. Bc3 g4 57. Kf4 Kd6 58. a4 Kd5 59. Ba1 g5+ 60. Ke3 g3
61. Kf3 g4+ 62. Kxg3 Ke4 63. f7 Bxf7 64. Kxg4 Kd3 65. Kf5 c3 66. Ke5 Bb3 67. b5
cxb5 68. axb5 axb5 69. Kd6 Bc4 70. Kc5 c2 71. Bb2 Kd2 72. Kd4 0-1

[Event "World Blitz 2016"]
[Site "Doha QAT"]
[Date "2016.12.29"]
[Round "10.11"]
[White "Matlakov, Maxim"]
[Black "Aronian, Levon"]
[Result "1/2-1/2"]
[WhiteTitle "GM"]
[BlackTitle "GM"]
[WhiteElo "2694"]
[BlackElo "2785"]
[WhiteFideId "4168003"]
[BlackFideId "13300474"]
[EventDate "2016.12.29"]

1. c4 Nf6 2. Nc3 e5 3. g3 Bb4 4. Bg2 O-O 5. e4 d6 6. Nge2 Bc5 7. O-O Bg4 8. h3
Bxe2 9. Qxe2 Nc6 10. d3 Nd4 11. Qd1 Ne6 12. Kh2 h5 13. Ne2 h4 14. g4 g5 15. Bd2
a5 16. Bc3 Nd7 17. d4 exd4 18. Nxd4 Bxd4 19. Bxd4 Nxd4 20. Qxd4 Re8 21. f4 gxf4
22. Rxf4 Re5 23. Raf1 f6 24. Qf2 Qe7 25. Qxh4 Qe6 26. Rf5 Rf8 27. g5 Rf7 28.
gxf6 Rxf5 29. Rxf5 Rxf6 30. Rh5 Rg6 31. e5 c6 32. Be4 Nxe5 33. Rh8+ Kf7 34.
Bxg6+ Nxg6 35. Qf2+ Kg7 36. Rh5 Qxc4 37. Rf5 Qxa2 38. h4 Qe6 39. h5 Ne5 40. Qf4
Qe7 41. Rg5+ Kh8 42. Kh1 Qf7 43. Qxf7 Nxf7 44. Rxa5 d5 45. Kg2 Kg7 46. Kf3 Kh6
47. Kf4 Kxh5 48. Ra7 Nd6 49. b3 Kg6 50. Ke5 Ne4 51. Rxb7 Nc5 52. Rc7 Nxb3 53.
Rxc6+ Kg5 54. Kxd5 Nd2 55. Rc2 Nf3 56. Ke4 Nh4 57. Rc5+ 1/2-1/2

[Event "World Blitz 2016"]
[Site "Doha QAT"]
[Date "2016.12.29"]
[Round "10.13"]
[White "Korobov, Anton"]
[Black "Onischuk, Vladimir"]
[Result "1-0"]
[WhiteTitle "GM"]
[BlackTitle "GM"]
[WhiteElo "2692"]
[BlackElo "2601"]
[WhiteFideId "14105730"]
[BlackFideId "14114038"]
[EventDate "2016.12.29"]

1. d4 d6 2. Nf3 g6 3. c4 Bg7 4. Nc3 Bg4 5. e3 c5 6. Be2 cxd4 7. exd4 Nc6 8. d5
Bxf3 9. Bxf3 Ne5 10. Be2 Rc8 11. Qb3 Qc7 12. O-O a6 13. Be3 h5 14. Bb6 Qb8 15.
h3 Nh6 16. Qa4+ Kf8 17. f4 Neg4 18. hxg4 hxg4 19. Rae1 g3 20. Rf3 Nf5 21. Bd3
Rc5 22. Bxc5 dxc5 23. Bxf5 Bd4+ 24. Kf1 gxf5 25. Qd7 Rh1+ 26. Ke2 Rxe1+ 27. Kxe1
Bf2+ 28. Ke2 b5 29. cxb5 axb5 30. Qxb5 Qd6 31. Qc4 Qh6 32. Rxf2 gxf2 33. Kxf2
Qh4+ 34. Ke2 Qg4+ 35. Kd2 Qxg2+ 36. Kc1 Qg1+ 37. Kc2 1-0

[Event "World Blitz 2016"]
[Site "Doha QAT"]
[Date "2016.12.29"]
[Round "10.14"]
[White "Adly, Ahmed"]
[Black "Wojtaszek, Radoslaw"]
[Result "0-1"]
[WhiteTitle "GM"]
[BlackTitle "GM"]
[WhiteElo "2599"]
[BlackElo "2749"]
[WhiteFideId "10601619"]
[BlackFideId "1118358"]
[EventDate "2016.12.29"]

1. Nf3 d5 2. g3 c6 3. Bg2 Bg4 4. O-O Nd7 5. d4 Ngf6 6. c4 e6 7. Qb3 Qb6 8. c5
Qa6 9. Nc3 b6 10. cxb6 axb6 11. Re1 Bxf3 12. Bxf3 Be7 13. e4 dxe4 14. Nxe4 Nd5
15. Nc3 N7f6 16. Bg5 O-O 17. Be2 Qa5 18. Bd2 Qa7 19. Bd3 Rfd8 20. a3 b5 21. Nxd5
Nxd5 22. Qc2 g6 23. Re4 Rac8 24. Bh6 Bf6 25. Rd1 Ne7 26. Be3 Nf5 27. Rf4 Bxd4
28. Bxf5 Bxe3 29. Bxe6 fxe6 30. fxe3 Qxe3+ 31. Kg2 Rxd1 32. Qxd1 Rf8 33. Rxf8+
Kxf8 34. Qd6+ Kf7 35. Qxc6 Qe2+ 36. Kg1 Qe1+ 37. Kg2 Qe2+ 38. Kg1 Qxb2 39. Qd7+
Kf6 40. Qd8+ Kf5 41. Qd3+ Ke5 42. Qe3+ Kd5 43. Qf3+ Kc5 44. Qf8+ Kc4 45. Qc8+
Kb3 46. Qxe6+ Kxa3 47. Qa6+ Kb4 48. Qd6+ Kb3 49. Qe6+ Kc2 50. Qe4+ Kb3 51. Qe6+
Kb4 52. Qd6+ Kc4 53. Qe6+ Kd3 54. Qd5+ Qd4+ 0-1

[Event "World Blitz 2016"]
[Site "Doha QAT"]
[Date "2016.12.29"]
[Round "10.16"]
[White "Pichot, Alan"]
[Black "Mamedov, Rauf"]
[Result "0-1"]
[WhiteTitle "GM"]
[BlackTitle "GM"]
[WhiteElo "2544"]
[BlackElo "2688"]
[WhiteFideId "110973"]
[BlackFideId "13401653"]
[EventDate "2016.12.29"]

1. e4 g6 2. d4 Bg7 3. Nc3 a6 4. Be3 d6 5. Qd2 b5 6. f3 Nd7 7. h4 h5 8. Nh3 c5 9.
Ng5 cxd4 10. Bxd4 Ngf6 11. a4 bxa4 12. Rxa4 O-O 13. Be2 Nc5 14. Ra2 Ne6 15. Nxe6
Bxe6 16. Rxa6 Rxa6 17. Bxa6 Qa5 18. Bd3 Rb8 19. O-O Rxb2 20. Rb1 Nxe4 21. Bxe4
Rxb1+ 22. Nxb1 Qxd2 23. Nxd2 Bxd4+ 24. Kf1 f5 25. Bd3 Kg7 26. g3 f4 27. Kg2 fxg3
28. Kxg3 Be3 29. Ne4 Bf5 30. Bc4 Bd4 31. Bd5 e6 32. Bb3 d5 33. Ng5 Bc3 34. Kf2
Bd2 35. c4 dxc4 36. Bxc4 Bxg5 37. hxg5 h4 38. Ke3 Kf7 39. Kf4 Ke7 40. Ke5 Bh3
41. Bd3 Bg2 42. Kf4 0-1

[Event "World Blitz 2016"]
[Site "Doha QAT"]
[Date "2016.12.29"]
[Round "10.17"]
[White "Inarkiev, Ernesto"]
[Black "Melkumyan, Hrant"]
[Result "1-0"]
[WhiteTitle "GM"]
[BlackTitle "GM"]
[WhiteElo "2709"]
[BlackElo "2633"]
[WhiteFideId "4162722"]
[BlackFideId "13302485"]
[EventDate "2016.12.29"]

1. e4 e6 2. d4 d5 3. Nc3 dxe4 4. Nxe4 Bd7 5. Nf3 Bc6 6. Bd3 Nd7 7. O-O Ngf6 8.
Ned2 g6 9. b3 Be7 10. Bb2 O-O 11. c4 Re8 12. Qe2 Bf8 13. Ne5 Nxe5 14. dxe5 Nd7
15. Be4 Nc5 16. Bxc6 bxc6 17. Nf3 Qd3 18. Rfe1 Red8 19. Kf1 Qxe2+ 20. Rxe2 Nd3
21. Bc3 a5 22. Rd1 Nb4 23. Red2 Rxd2 24. Rxd2 a4 25. a3 Na6 26. b4 Rc8 27. Ng5
Be7 28. Ne4 Kf8 29. Ke2 h5 30. g3 Ke8 31. f4 Nb8 32. Bd4 Nd7 33. Be3 Nb6 34. Kd3
Rd8+ 35. Kc3 Rb8 36. Bc5 Bd8 37. Be3 Be7 38. Rd3 Bd8 39. h3 Be7 40. Rd2 Rd8 41.
Rxd8+ Kxd8 42. Bc5 Kd7 43. Kd4 Bd8 44. Nc3 g5 45. Bxb6 cxb6 46. Nxa4 Kc7 47. Nc3
h4 48. gxh4 gxh4 49. Ne4 Kd7 50. a4 Be7 51. c5 Kc7 52. Nd6 f6 53. Ne8+ Kd8 54.
Nxf6 bxc5+ 55. bxc5 Kc7 56. Ng4 Bd8 57. Ne3 Kd7 58. Nc4 Kc7 59. Ke4 Kd7 60. f5
Bg5 61. f6 Bh6 62. a5 Kc7 63. a6 Kb8 64. Na5 Ka7 65. Nxc6+ Kxa6 66. Nd4 1-0

[Event "World Blitz 2016"]
[Site "Doha QAT"]
[Date "2016.12.29"]
[Round "10.18"]
[White "Bindrich, Falko"]
[Black "Vitiugov, Nikita"]
[Result "1/2-1/2"]
[WhiteTitle "GM"]
[BlackTitle "GM"]
[WhiteElo "2590"]
[BlackElo "2726"]
[WhiteFideId "4676670"]
[BlackFideId "4152956"]
[EventDate "2016.12.29"]

1. d4 Nf6 2. Nf3 e6 3. Bf4 b6 4. e3 Be7 5. h3 Bb7 6. Bd3 O-O 7. O-O d6 8. Bh2
Nbd7 9. Nbd2 c5 10. c3 Re8 11. Qe2 Bf8 12. Ba6 Qc8 13. Bxb7 Qxb7 14. a4 a6 15.
e4 b5 16. axb5 axb5 17. e5 dxe5 18. dxe5 Nd5 19. c4 bxc4 20. Nxc4 h6 21. Nfd2
Qb5 22. Qg4 N7b6 23. Bg3 Nxc4 24. Nxc4 Qb4 25. Qe2 Reb8 26. Rxa8 Rxa8 27. Rc1
Qb3 28. Qc2 Qxc2 29. Rxc2 Be7 30. f3 Ra1+ 31. Kh2 h5 32. Bf2 h4 33. Ne3 Nf4 34.
Rc4 Nd3 35. Bxh4 Bxh4 36. Rxh4 Nxb2 37. Re4 Re1 38. Kg3 c4 39. Nc2 Rxe4 40. fxe4
Nd3 41. Kf3 Nxe5+ 42. Ke3 g5 43. Kd4 f6 44. Ne3 Kf7 45. Ng4 Nd3 46. Kxc4 Nf4 47.
Ne3 Ke7 48. Kd4 Kd6 49. Nc4+ Kc6 50. Ne3 Ne2+ 51. Kd3 Nf4+ 52. Kd4 Nh5 53. Ng4
Kd7 54. Ke3 Ke7 1/2-1/2

[Event "World Blitz 2016"]
[Site "Doha QAT"]
[Date "2016.12.29"]
[Round "10.20"]
[White "Dreev, Aleksey"]
[Black "Naiditsch, Arkadij"]
[Result "1-0"]
[WhiteTitle "GM"]
[BlackTitle "GM"]
[WhiteElo "2652"]
[BlackElo "2687"]
[WhiteFideId "4100107"]
[BlackFideId "4650891"]
[EventDate "2016.12.29"]

1. d4 Nf6 2. Nf3 g6 3. g3 Bg7 4. Bg2 O-O 5. O-O d6 6. b3 Nbd7 7. Bb2 Qe8 8. c4
e5 9. Nc3 e4 10. Ne1 Qe7 11. Nc2 Re8 12. Ne3 h5 13. Ncd5 Nxd5 14. cxd5 Nf6 15.
Qc2 Bh6 16. Qc4 Bd7 17. Qxc7 Bxe3 18. fxe3 Rac8 19. Qxb7 Rc2 20. Rxf6 Qxf6 21.
Qxd7 Rd8 22. Qb5 Qg5 23. Ba3 Qxe3+ 24. Kh1 Rdc8 25. Rf1 Rxe2 26. Qd7 Rf8 27.
Qxd6 Rc8 28. Qf6 Rxg2 29. Qxf7+ Kh8 30. Qf6+ Kh7 31. Kxg2 Qd3 32. Qf7+ Kh6 33.
Qf4+ Kh7 34. Bc5 e3 35. Qe5 Qd2+ 36. Kh3 e2 37. Rf7+ Kh6 38. Re7 Rf8 39. Qxe2
Qc1 40. Qe3+ 1-0

[Event "World Blitz 2016"]
[Site "Doha QAT"]
[Date "2016.12.29"]
[Round "10.21"]
[White "Ganguly, Surya Shekhar"]
[Black "Banikas, Hristos"]
[Result "1/2-1/2"]
[WhiteTitle "GM"]
[BlackTitle "GM"]
[WhiteElo "2668"]
[BlackElo "2568"]
[WhiteFideId "5002150"]
[BlackFideId "4202031"]
[EventDate "2016.12.29"]

1. e4 c5 2. Nf3 d6 3. d4 cxd4 4. Nxd4 Nf6 5. Nc3 a6 6. h3 e6 7. g4 d5 8. Nde2
Bb4 9. a3 Bxc3+ 10. Nxc3 Nxe4 11. Nxe4 dxe4 12. Qxd8+ Kxd8 13. Be3 Bd7 14. O-O-O
Kc8 15. Bg2 Bc6 16. Rd4 Rd8 17. Rhd1 Rxd4 18. Bxd4 f6 19. Re1 e5 20. Bc3 Kd7 21.
Bxe4 Bxe4 22. Rxe4 Nc6 23. f4 exf4 24. Rxf4 Re8 25. Kd2 Re6 26. a4 Rd6+ 27. Ke2
Re6+ 28. Kd2 Rd6+ 29. Ke2 Rd5 30. b3 h5 31. gxh5 Rxh5 32. Rg4 Rh7 33. h4 Ke6 34.
Bd2 Ne5 35. Rb4 g6 36. Be1 Nc6 37. Rc4 Kd5 38. Bf2 Re7+ 39. Kd1 Re4 40. Rxe4
Kxe4 41. Kd2 f5 42. c4 f4 43. Bc5 Nd4 44. Kc3 Nf5 45. b4 Nxh4 46. b5 Nf5 47. Bf2
g5 48. c5 axb5 49. axb5 Kd5 50. Kd3 g4 51. c6 bxc6 52. bxc6 g3 53. Be1 g2 54.
Bf2 Kxc6 55. Ke4 1/2-1/2

[Event "World Blitz 2016"]
[Site "Doha QAT"]
[Date "2016.12.29"]
[Round "10.23"]
[White "Bok, Benjamin"]
[Black "Atabayev, Maksat"]
[Result "1-0"]
[WhiteTitle "GM"]
[BlackTitle "GM"]
[WhiteElo "2598"]
[BlackElo "2492"]
[WhiteFideId "1017063"]
[BlackFideId "14001101"]
[EventDate "2016.12.29"]

1. e4 c5 2. Nf3 g6 3. c3 Bg7 4. d4 cxd4 5. cxd4 d5 6. e5 Nh6 7. Bf4 f6 8. Bb5+
Nc6 9. Bxc6+ bxc6 10. O-O O-O 11. h3 Qb6 12. Qd2 Nf7 13. Nc3 Bf5 14. Rfe1 Nd8
15. exf6 exf6 16. Bd6 Nf7 17. Bxf8 Bxf8 18. Na4 Qb5 19. Nc5 Nd6 20. Rac1 g5 21.
Qe2 Qxe2 22. Rxe2 Kf7 23. Nd2 h5 24. Ncb3 Rc8 25. Na5 Bd7 26. Ndb3 Nf5 27. Rec2
g4 28. Nxc6 Bh6 29. Ne5+ fxe5 30. Rxc8 Bxc1 31. Rxc1 gxh3 32. dxe5 hxg2 33. Rc7
Ke8 34. Nc5 Bb5 35. Kxg2 Nd4 36. Rxa7 Be2 37. Kg3 Nc6 38. Ra8+ Ke7 39. f4 Nd4
40. Ra7+ Ke8 41. a4 Nf5+ 42. Kf2 Bc4 43. b3 1-0

[Event "World Blitz 2016"]
[Site "Doha QAT"]
[Date "2016.12.29"]
[Round "10.24"]
[White "Salinas Herrera, Pablo"]
[Black "Jakovenko, Dmitry"]
[Result "0-1"]
[WhiteTitle "IM"]
[BlackTitle "GM"]
[WhiteElo "2466"]
[BlackElo "2704"]
[WhiteFideId "3407128"]
[BlackFideId "4122356"]
[EventDate "2016.12.29"]

1. e4 c5 2. Nf3 d6 3. Bb5+ Nd7 4. O-O Nf6 5. Re1 a6 6. Bd3 b5 7. c4 Rb8 8. cxb5
axb5 9. a4 bxa4 10. Nc3 e5 11. Bc4 Be7 12. d3 O-O 13. Nxa4 Nb6 14. Nxb6 Qxb6 15.
b3 Bg4 16. h3 Bh5 17. Bd2 Nd7 18. g4 Bg6 19. Ba5 Qb7 20. Bd5 Qc8 21. Nd2 Re8 22.
Ra4 Nf8 23. Nc4 Ne6 24. Bc3 Nf4 25. Kh2 h5 26. Rg1 hxg4 27. hxg4 Nxd5 28. exd5
Qb7 29. Ne3 Qxb3 30. Qa1 Bxd3 31. Ra3 Qb5 32. Ra5 Qd7 33. Qd1 c4 34. Qa1 Bg5 35.
Rg2 Bf4+ 36. Kg1 Be4 37. Ra7 Rb7 38. Rxb7 Qxb7 39. Nf5 Bxg2 40. Nxd6 Qxd5 41.
Nxe8 Bh3 0-1

[Event "World Blitz 2016"]
[Site "Doha QAT"]
[Date "2016.12.29"]
[Round "10.25"]
[White "Amonatov, Farrukh"]
[Black "Adhiban, Baskaran"]
[Result "1-0"]
[WhiteTitle "GM"]
[BlackTitle "GM"]
[WhiteElo "2620"]
[BlackElo "2666"]
[WhiteFideId "14700077"]
[BlackFideId "5018471"]
[EventDate "2016.12.29"]

1. e4 c5 2. Nf3 g6 3. d4 cxd4 4. Nxd4 Nc6 5. Nc3 Bg7 6. Be3 Nf6 7. Bc4 O-O 8.
Bb3 Re8 9. O-O d6 10. h3 Na5 11. Qd2 b6 12. Rfe1 Bb7 13. Bh6 Rc8 14. Bxg7 Kxg7
15. Rad1 Nxb3 16. axb3 h6 17. f4 a6 18. e5 dxe5 19. fxe5 Nd5 20. e6 f6 21. Qf2
Qc7 22. Nxd5 Bxd5 23. c3 Red8 24. b4 Bb7 25. Re3 Rd5 26. Rg3 Rg5 27. Rxg5 hxg5
28. b5 axb5 29. Nxb5 Qe5 30. Rd7 Re8 31. Nd6 Qxd6 32. Rxd6 exd6 33. Qxb6 Bd5 34.
Qc7+ Kh6 35. e7 Bf7 36. Qxd6 f5 37. Qf6 Bd5 38. Qf8+ 1-0

[Event "World Blitz 2016"]
[Site "Doha QAT"]
[Date "2016.12.29"]
[Round "10.26"]
[White "Zhigalko, Sergei"]
[Black "Svane, Rasmus"]
[Result "1-0"]
[WhiteTitle "GM"]
[BlackTitle "GM"]
[WhiteElo "2671"]
[BlackElo "2555"]
[WhiteFideId "13502956"]
[BlackFideId "4657101"]
[EventDate "2016.12.29"]

1. e4 e6 2. d4 d5 3. e5 c5 4. c3 Nc6 5. Nf3 Qb6 6. a3 Nh6 7. b4 cxd4 8. cxd4 Nf5
9. Be3 Nxe3 10. fxe3 f6 11. exf6 gxf6 12. Bd3 Bh6 13. Qe2 O-O 14. Nc3 Bd7 15.
Na4 Qd8 16. Nc5 b6 17. Nxd7 Qxd7 18. O-O Bg7 19. Rac1 Ne7 20. Ba6 Qd6 21. Rc3 e5
22. dxe5 fxe5 23. e4 Kh8 24. Rcc1 b5 25. Bxb5 dxe4 26. Qxe4 Qb6+ 27. Rc5 Rad8
28. Kh1 Rf4 29. Qe2 Qf6 30. Bd3 Nf5 31. Bxf5 Qxf5 32. Re1 Qf6 33. Rxe5 Rxf3 34.
gxf3 Qxe5 35. Qxe5 Bxe5 36. Rxe5 Rd3 37. Ra5 Rxf3 38. Rxa7 Rb3 39. Ra5 Kg7 40.
b5 Kg6 41. a4 Kg5 42. Kg2 Kf4 43. Ra6 h5 44. b6 Kg4 45. a5 Rb2+ 46. Kf1 Kf3 47.
Ke1 Ke3 48. Kd1 Kd3 49. Kc1 Kc3 50. Ra7 Rxh2 51. Rc7+ 1-0

[Event "World Blitz 2016"]
[Site "Doha QAT"]
[Date "2016.12.29"]
[Round "10.27"]
[White "Cheparinov, Ivan"]
[Black "Mchedlishvili, Mikheil"]
[Result "1-0"]
[WhiteTitle "GM"]
[BlackTitle "GM"]
[WhiteElo "2689"]
[BlackElo "2601"]
[WhiteFideId "2905540"]
[BlackFideId "13600966"]
[EventDate "2016.12.29"]

1. Nf3 Nf6 2. b3 d5 3. Bb2 Bg4 4. e3 Nbd7 5. h3 Bxf3 6. Qxf3 c6 7. d3 e5 8. Nd2
Bd6 9. g3 Qe7 10. a3 O-O 11. Bg2 Rfe8 12. O-O Rad8 13. Qe2 Nc5 14. Rfe1 Ne6 15.
b4 Bc7 16. c4 Qd7 17. Red1 d4 18. e4 g6 19. h4 Qe7 20. Bh3 a5 21. c5 Nh5 22. Qf3
Rf8 23. Nc4 Neg7 24. Re1 Ra8 25. Kh1 Ra7 26. Qe2 Rfa8 27. Kg2 Ne6 28. Kg1 Nhg7
29. Qc2 Qd8 30. Qb3 axb4 31. axb4 Rxa1 32. Bxa1 Ra7 33. Bb2 Qe8 34. Rc1 h5 35.
Qd1 Qa8 36. Ra1 Rxa1 37. Qxa1 Qxa1+ 38. Bxa1 f5 39. Bb2 Kf7 40. Bg2 Kf6 41. Bf3
f4 42. Ba3 g5 43. Bd1 g4 44. Ba4 fxg3 45. fxg3 Ke7 46. b5 Kd7 47. b6 Bb8 48. Na5
Kc8 49. Nxc6 bxc6 50. Bxc6 Nd8 51. Bd5 Nb7 52. c6 Nd6 53. Kf2 Nge8 54. c7 Nxc7
55. bxc7 Kxc7 56. Bxd6+ Kxd6 57. Bf7 Ke7 58. Bxh5 Bd6 59. Bxg4 Kf6 60. Bc8 Bb4
61. g4 Kg6 62. Bf5+ Kg7 63. g5 Bd2 64. Kg3 Bxg5 65. hxg5 1-0

[Event "World Blitz 2016"]
[Site "Doha QAT"]
[Date "2016.12.29"]
[Round "10.28"]
[White "Nguyen, Ngoc Truong Son"]
[Black "Gholami, Aryan"]
[Result "1-0"]
[WhiteTitle "GM"]
[BlackTitle "IM"]
[WhiteElo "2629"]
[BlackElo "2422"]
[WhiteFideId "12401110"]
[BlackFideId "12513342"]
[EventDate "2016.12.29"]

1. d4 Nf6 2. Nf3 e6 3. Bf4 d5 4. e3 c5 5. c3 Bd6 6. Bg3 O-O 7. Nbd2 Nc6 8. Bd3
Qe7 9. Ne5 Nd7 10. Nxd7 Qxd7 11. O-O Bxg3 12. hxg3 Qe7 13. Rc1 e5 14. dxc5 Qxc5
15. c4 d4 16. Nb3 Qd6 17. Be4 Rd8 18. Qf3 dxe3 19. Qxe3 Be6 20. Nc5 Rab8 21.
Rfe1 b6 22. Nxe6 Qxe6 23. Bd5 Qd6 24. Qf3 Nd4 25. Qxf7+ Kh8 26. Qh5 Re8 27. Re3
Qf6 28. Rce1 g6 29. Qd1 Rf8 30. Qd2 Rbe8 31. f4 Nf5 32. Rxe5 Rd8 33. Qc3 Qg7 34.
g4 Nd6 35. g3 Rd7 36. Re7 Qxc3 37. bxc3 Rfd8 38. Kg2 a6 39. g5 b5 40. Rxd7 Rxd7
41. c5 Nf7 42. Bxf7 Rxf7 43. Re6 Rc7 44. c6 Kg7 45. Kf3 Kf7 46. Rf6+ Ke7 47. Ke4
Rc8 48. Ke5 Rd8 49. Re6+ Kf7 50. c7 Rc8 51. Kd6 Rxc7 52. Rf6+ 1-0

[Event "World Blitz 2016"]
[Site "Doha QAT"]
[Date "2016.12.29"]
[Round "10.29"]
[White "Mareco, Sandro"]
[Black "Vallejo Pons, Francisco"]
[Result "1-0"]
[WhiteTitle "GM"]
[BlackTitle "GM"]
[WhiteElo "2635"]
[BlackElo "2711"]
[WhiteFideId "112275"]
[BlackFideId "2205530"]
[EventDate "2016.12.29"]

1. Nf3 e6 2. c4 f5 3. g3 b6 4. Bg2 Bb7 5. O-O Nf6 6. d4 Be7 7. Nc3 O-O 8. d5 Na6
9. Nd4 Nc5 10. Bf4 a5 11. Rc1 Qc8 12. Ndb5 d6 13. dxe6 Bxg2 14. Kxg2 Nxe6 15.
Be3 Rf7 16. f3 Qd7 17. Bf2 f4 18. g4 Re8 19. Qd2 h5 20. h3 Ng5 21. h4 Nxf3 22.
exf3 hxg4 23. Qxf4 gxf3+ 24. Qxf3 Ng4 25. Qg3 Bf6 26. Bg1 Ref8 27. Rce1 Be5 28.
Rxf7 Rxf7 29. Qd3 c6 30. Nd4 Nf6 31. Qh3 Qb7 32. Nf3 Nh5 33. Qg4 Nf4+ 34. Kh1
Bxc3 35. bxc3 c5 36. Bh2 Nd3 37. Re8+ Rf8 38. Rxf8+ Kxf8 39. Qf5+ 1-0

[Event "World Blitz 2016"]
[Site "Doha QAT"]
[Date "2016.12.29"]
[Round "10.30"]
[White "Volokitin, Andrei"]
[Black "Borisek, Jure"]
[Result "1/2-1/2"]
[WhiteTitle "GM"]
[BlackTitle "GM"]
[WhiteElo "2649"]
[BlackElo "2561"]
[WhiteFideId "14107090"]
[BlackFideId "14603152"]
[EventDate "2016.12.29"]

1. e4 e5 2. Nf3 Nc6 3. Bc4 Bc5 4. O-O Nf6 5. d3 d6 6. c3 a6 7. a4 h6 8. Re1 O-O
9. Na3 Be6 10. b4 Ba7 11. Bxe6 fxe6 12. b5 Ne7 13. Qb3 Qd7 14. d4 exd4 15. cxd4
Ng6 16. Nc4 Kh7 17. b6 Bxb6 18. Nxb6 cxb6 19. Qxb6 d5 20. exd5 exd5 21. a5 Rae8
22. Ba3 Rxe1+ 23. Rxe1 Re8 24. Rxe8 Qxe8 25. Qxb7 Qa4 26. Qb4 Qd1+ 27. Qe1 Qb3
28. Bc1 Ne4 29. h4 Qc2 30. Be3 Ne7 31. Qb4 Nf5 32. Qe1 Qd3 33. Qc1 Qe2 34. Qe1
Qd3 35. Qc1 Qe2 36. Qe1 Qd3 37. Qf1 Qa3 38. Qxa6 Nxe3 39. fxe3 Qxe3+ 40. Kh2
Qf4+ 41. Kg1 Qe3+ 42. Kh2 Qf4+ 43. Kg1 Qe3+ 44. Kh2 Qf4+ 45. Kg1 1/2-1/2